[Event "Nezhmetdinov Memorial 32nd"]
[Site "Kazan"]
[Date "2010.06.08"]
[Round "9"]
[White "Shabalin, Evgeny"]
[Black "Faizrakhmanov, Ramil"]
[Result "1/2-1/2"]
[WhiteElo "2233"]
[BlackElo "1957"]
[PlyCount "22"]
[EventDate "2010.05.31"]
[EventType "swiss"]
[EventRounds "9"]
[EventCountry "RUS"]
[SourceTitle "CBM 136 Extra"]
[Source "ChessBase"]
[SourceDate "2010.07.02"]
[SourceVersion "2"]
[SourceVersionDate "2010.07.15"]
[SourceQuality "1"]

1. Nf3 Nf6 2. c4 c5 3. d4 cxd4 4. Nxd4 g6 5. Nc3 Bg7 6. e4 d6 7. Be2 0-0 8. 0-0 a6 9. Be3 Nc6 10. f3 Nxd4 11. Bxd4 Be6 1/2-1/2

[Event "Nezhmetdinov Memorial 32nd"]
[Site "Kazan"]
[Date "2010.06.07"]
[Round "8"]
[White "Vasilov, Artur"]
[Black "Shabalin, Evgeny"]
[Result "1-0"]
[WhiteElo "2165"]
[BlackElo "2233"]
[PlyCount "127"]
[EventDate "2010.05.31"]
[EventType "swiss"]
[EventRounds "9"]
[EventCountry "RUS"]
[SourceTitle "CBM 136 Extra"]
[Source "ChessBase"]
[SourceDate "2010.07.02"]
[SourceVersion "2"]
[SourceVersionDate "2010.07.15"]
[SourceQuality "1"]

1. d4 Nf6 2. c4 g6 3. Nc3 Bg7 4. Nf3 0-0 5. g3 d6 6. Bg2 Nbd7 7. 0-0 c6 8. h3 e5 9. e4 exd4 10. Nxd4 a5 11. Be3 Re8 12. Qc2 Nc5 13. Rfe1 Nfd7 14. Rad1 Qb6 15. f4 a4 16. Bf2 Qb4 17. a3 Qa5 18. Nf3 Bf8 19. Nb1 Nb3 20. Nd4 Ndc5 21. Nxb3 Nxb3 22. Nd2 Nxd2 23. Rxd2 Qa6 24. g4 Be6 25. Bf1 b5 26. c5 Bb3 27. Qc3 dxc5 28. Bxc5 Rad8 29. Bxf8 Rxf8 30. Bg2 Qb6+ 31. Kh2 Rxd2 32. Qxd2 Rd8 33. Qc3 Qf2 34. Rf1 Qc2 35. Qxc2 Bxc2 36. Rf2 Bb3 37. Bf1 Rd4 38. e5 Kf8 39. Kg3 Ke7 40. Kf3 Bd5+ 41. Ke3 Re4+ 42. Kd2 Ke6 43. Bd3 Rd4 44. Kc3 c5 45. Bxb5 Bb3 46. Bd3 h6 47. f5+ Kxe5 48. fxg6 fxg6 49. Bxg6 Rc4+ 50. Kd2 Rd4+ 51. Ke3 Be6 52. Rc2 c4 53. Rd2 Rf4 54. Rf2 Rxf2 55. Kxf2 Kd4 56. Be8 c3 57. bxc3+ Kxc3 58. Bxa4 Kb2 59. Be8 Kxa3 60. Kg3 Kb4 61. Kh4 Bd5 62. Kh5 Bg2 63. h4 Bf3 64. Bd7 1-0

[Event "Nezhmetdinov Memorial 32nd"]
[Site "Kazan"]
[Date "2010.06.05"]
[Round "6"]
[White "Bezgodov, Alexei"]
[Black "Shabalin, Evgeny"]
[Result "1/2-1/2"]
[WhiteElo "2494"]
[BlackElo "2233"]
[PlyCount "31"]
[EventDate "2010.05.31"]
[EventType "swiss"]
[EventRounds "9"]
[EventCountry "RUS"]
[SourceTitle "CBM 136 Extra"]
[Source "ChessBase"]
[SourceDate "2010.07.02"]
[SourceVersion "2"]
[SourceVersionDate "2010.07.15"]
[SourceQuality "1"]

1. e4 e5 2. Nf3 Nc6 3. Bb5 a6 4. Ba4 d6 5. c3 f5 6. exf5 Bxf5 7. d4 e4 8. d5 b5 9. Bg5 Be7 10. Nh4 Qc8 11. dxc6 bxa4 12. Bxe7 Nxe7 13. Qxa4 0-0 14. 0-0 Qe6 15. Nd2 d5 16. Nb3 1/2-1/2

[Event "Privolzhskogo FO-ch"]
[Site "Kazan"]
[Date "2009.01.29"]
[Round "9"]
[White "Shabalin, Evgeny"]
[Black "Skomorokhin, Roman"]
[Result "0-1"]
[WhiteElo "2220"]
[BlackElo "2413"]
[PlyCount "80"]
[EventDate "2009.01.21"]
[EventType "swiss"]
[EventRounds "9"]
[EventCountry "RUS"]
[SourceTitle "EXT 2010"]
[Source "ChessBase"]
[SourceDate "2010.11.25"]
[SourceVersion "1"]
[SourceVersionDate "2010.11.25"]
[SourceQuality "1"]

1. c4 e6 2. Nf3 d5 3. b3 Nf6 4. Bb2 c6 5. e3 Nbd7 6. Be2 Bd6 7. d4 Qe7 8. 0-0 dxc4 9. Bxc4 e5 10. dxe5 Nxe5 11. Nbd2 0-0 12. Nxe5 Bxe5 13. Bxe5 Qxe5 14. Nf3 Qc7 15. Qc2 Bg4 16. Be2 Rad8 17. Rfd1 h6 18. h3 Bc8 19. Rac1 Qa5 20. Qb2 Rfe8 21. b4 Qb6 22. a4 a6 23. a5 Qc7 24. Nd4 Be6 25. Bd3 Qe5 26. Rc5 Bd5 27. Qe2 Qe7 28. Rb1 g6 29. Rcc1 h5 30. Rb2 Qf8 31. Bc4 Bxg2 32. Kxg2 Rxd4 33. Qf3 Rd6 34. Kh2 Ne4 35. Rg1 Qg7 36. Qe2 Red8 37. Qf3 Qxb2 38. Qxe4 Qf6 39. Rg2 Kg7 40. f4 Rd2 0-1

[Event "Privolzhskogo FO-ch"]
[Site "Kazan"]
[Date "2009.01.24"]
[Round "4"]
[White "Beliaev, Vasily"]
[Black "Shabalin, Evgeny"]
[Result "0-1"]
[WhiteElo "2049"]
[BlackElo "2220"]
[PlyCount "90"]
[EventDate "2009.01.21"]
[EventType "swiss"]
[EventRounds "9"]
[EventCountry "RUS"]
[SourceTitle "EXT 2010"]
[Source "ChessBase"]
[SourceDate "2010.11.25"]
[SourceVersion "1"]
[SourceVersionDate "2010.11.25"]
[SourceQuality "1"]

1. e4 e5 2. Nf3 Nc6 3. d4 exd4 4. c3 Nf6 5. e5 Ne4 6. Qe2 Nc5 7. cxd4 Ne6 8. Be3 Bb4+ 9. Nc3 d5 10. exd6 Qxd6 11. Rd1 Ne7 12. Ne5 0-0 13. Qh5 Nd5 14. Nc4 Qd8 15. Bd2 Nef4 16. Bxf4 Nxf4 17. Qf3 Re8+ 18. Ne3 Nd5 19. Rd3 Qg5 20. h4 Qf5 21. Kd1 Qxf3+ 22. gxf3 Nf4 23. Rd2 Bd7 24. a3 Ba5 25. b4 Bb6 26. Rg1 Rad8 27. Bc4 Kf8 28. Ng4 Bc8 29. d5 h5 30. Ne3 Bxe3 31. fxe3 Rxe3 32. Nb5 a6 33. Nxc7 Rd6 34. Rd4 Nh3 35. Re1 Re7 36. Rxe7 Kxe7 37. Bf1 Kd8 38. Rc4 Bf5 39. Rc5 Nf4 40. b5 axb5 41. Bxb5 b6 42. Rc4 Nxd5 43. Ne8 Ne3+ 44. Ke2 Nxc4 45. Nxd6 Nxd6 0-1

[Event "Chigorin Memorial 12th"]
[Site "St Petersburg"]
[Date "2004.10.22"]
[Round "7"]
[White "Afonin, Sergey"]
[Black "Shabalin, Evgeny"]
[Result "1-0"]
[WhiteElo "2195"]
[BlackElo "2307"]
[PlyCount "55"]
[EventDate "2004.10.16"]
[EventType "swiss"]
[EventRounds "9"]
[EventCountry "RUS"]
[SourceTitle "EXT 2005"]
[Source "ChessBase"]
[SourceDate "2004.11.15"]
[SourceVersion "1"]
[SourceVersionDate "2004.11.15"]
[SourceQuality "1"]

1. d4 Nf6 2. c4 g6 3. Nc3 Bg7 4. e4 d6 5. f3 0-0 6. Be3 Nc6 7. Nge2 a6 8. Qd2 e5 9. d5 Ne7 10. g4 Ne8 11. 0-0-0 b5 12. h4 f5 13. g5 b4 14. Na4 Rb8 15. Kb1 c6 16. dxc6 Qc7 17. c5 Qxc6 18. cxd6 Qxa4 19. dxe7 Rf7 20. Nc1 Rxe7 21. Qd8 Bf8 22. Bc4+ Kg7 23. Bc5 Rf7 24. Qd5 Rbb7 25. Qxe5+ Kg8 26. Rd8 Qc6 27. Bd4 Nf6 28. Qxf6 1-0